Statistics for Bayern Munich Squad 2017-2018

Click here to take the quiz!

General Stats

  • This quiz has been taken 565 times
  • The average score is 18 of 26

Answer Stats

Nbr Post Nationality Player % Correct
1GKGermanyManuel Neuer
99%
9FWPolandRobert Lewandowski
96%
10MFNetherlandsArjen Robben
96%
7MFFranceFranck Ribéry
95%
27DFAustriaDavid Alaba
93%
5DFGermanyMats Hummels
92%
11MFColombiaJames Rodriguez
92%
23MFChileArturo Vidal
90%
17DFGermanyJérôme Boateng
90%
6MFSpainThiago
89%
25FWGermanyThomas Müller
87%
8DFSpainJavi Martinez
85%
32MFGermanyJoshua Kimmich
83%
29FWFranceKingsley Coman
82%
13DFBrazilRafinha
74%
4DFGermanyNiklas Süle
74%
24MFFranceCorentin Tolisso
70%
26GKGermanySven Ulreich
70%
-CoachItalyCarlo Ancelotti
67%
14DFSpainJuan Bernat
57%
19MFGermanySebastian Rudy
45%
20DFGermanyFelix Götze
30%
36GKGermanyChristian Früchtl
25%
40MFGermanyFabian Benko
18%
30MFGermanyNiklas Dorsch
14%
34DFAustriaMarco Friedl
14%

Score Distribution

Percentile by Number Answered

Percent of People with Each Score

Your Score History

You have not taken this quiz